MARC details
| 000 -LEADER |
| fixed length control field |
01979cam a2200493 a 4500 |
| 001 - CONTROL NUMBER |
| control field |
21419 |
| 003 - CONTROL NUMBER IDENTIFIER |
| control field |
VRT |
| 005 - DATE AND TIME OF LATEST TRANSACTION |
| control field |
20260302100556.0 |
| 008 - FIXED-LENGTH DATA ELEMENTS--GENERAL INFORMATION |
| fixed length control field |
240226s2002 xo a jr 000 j slo |
| 015 ## - NATIONAL BIBLIOGRAPHY NUMBER |
| National bibliography number |
SNBA2002 |
| 020 ## - INTERNATIONAL STANDARD BOOK NUMBER |
| International Standard Book Number |
805510333X |
| Qualifying information |
(viazané) |
| 035 ## - SYSTEM CONTROL NUMBER |
| System control number |
SNK000395066 |
| 035 ## - SYSTEM CONTROL NUMBER |
| System control number |
urn:nbn:sk:snk-am3iq4i |
| 035 ## - SYSTEM CONTROL NUMBER |
| System control number |
F244B274-3788-4A55-B416-BF23C55ECC9B |
| 035 ## - SYSTEM CONTROL NUMBER |
| System control number |
urn:nbn:sk:snk-am00fbyl |
| 039 #9 - LEVEL OF BIBLIOGRAPHIC CONTROL AND CODING DETAIL [OBSOLETE] |
| Level of rules in bibliographic description |
202501071426 |
| Level of effort used to assign nonsubject heading access points |
AUTHORITY |
| Level of effort used to assign subject headings |
202402261659 |
| Level of effort used to assign classification |
VLOAD |
| Level of effort used to assign subject headings |
202202061447 |
| Level of effort used to assign classification |
AUTHORITY |
| Level of effort used to assign subject headings |
202202061431 |
| Level of effort used to assign classification |
AUTHORITY |
| 040 ## - CATALOGING SOURCE |
| Original cataloging agency |
SNK |
| Language of cataloging |
slo |
| Transcribing agency |
SNK |
| Description conventions |
AACR2 |
| 041 1# - LANGUAGE CODE |
| Language code of text/sound track or separate title |
slo |
| Language code of original |
cze |
| 044 ## - COUNTRY OF PUBLISHING/PRODUCING ENTITY CODE |
| MARC country code |
xo |
| ISO country code |
SK |
| 072 #7 - SUBJECT CATEGORY CODE |
| Subject category code |
821.162.3-3 |
| Subject category code subdivision |
Česká próza |
| Source |
konspekt |
| 072 #7 - SUBJECT CATEGORY CODE |
| Subject category code |
821-93 |
| Subject category code subdivision |
Literatúra pre deti a mládež (beletria) |
| Source |
konspekt |
| 080 ## - UNIVERSAL DECIMAL CLASSIFICATION NUMBER |
| Universal Decimal Classification number |
821.162.3-34 |
| Edition identifier |
2011 |
| 080 ## - UNIVERSAL DECIMAL CLASSIFICATION NUMBER |
| Universal Decimal Classification number |
82-93-053.4/.5 |
| Edition identifier |
2011 |
| 245 00 - TITLE STATEMENT |
| Title |
Zvieratká a zbojníci |
| Remainder of title |
s obrázkami Dagmar Ježkovej |
| Statement of responsibility, etc. |
[upravila Alena Peisertová ; ilustrovala Dagmar Ježková ; z českého originálu preložila Viera Švenková ] |
| 250 ## - EDITION STATEMENT |
| Edition statement |
1. vyd. |
| 260 ## - PUBLICATION, DISTRIBUTION, ETC. |
| Place of publication, distribution, etc. |
Bratislava |
| Name of publisher, distributor, etc. |
Ikar |
| Date of publication, distribution, etc. |
2002 |
| 300 ## - PHYSICAL DESCRIPTION |
| Extent |
37 strán |
| Other physical details |
farebné ilustrácie |
| Dimensions |
25 cm |
| 490 1# - SERIES STATEMENT |
| Series statement |
Lienka |
| 500 ## - GENERAL NOTE |
| General note |
Preložené z češtiny ; ilustrácie na titulnej strane a predsádkach ; údaj o upravovateľke, ilustrátorke a prekladateľke prevzatý z tiráže |
| 655 #7 - INDEX TERM--GENRE/FORM |
| Genre/form data or focus term |
české rozprávky |
| Source of term |
SNKPH |
| 655 #7 - INDEX TERM--GENRE/FORM |
| Genre/form data or focus term |
literatúra pre deti |
| Source of term |
SNKPH |
| 655 #7 - INDEX TERM--GENRE/FORM |
| Genre/form data or focus term |
literatúra pre mládež |
| Source of term |
SNKPH |
| 700 1# - ADDED ENTRY--PERSONAL NAME |
| Personal name |
Ježková, Dagmar, |
| Dates associated with a name |
1953- |
| Relationship |
ill |
| 700 1# - ADDED ENTRY--PERSONAL NAME |
| Personal name |
Švenková, Viera, |
| Dates associated with a name |
1937- |
| Relationship |
trl |
| 700 1# - ADDED ENTRY--PERSONAL NAME |
| Personal name |
Peisertová, Alena, |
| Dates associated with a name |
1952- |
| Relationship |
adp |
| 830 #0 - SERIES ADDED ENTRY--UNIFORM TITLE |
| Uniform title |
Lienka |
| 910 ## - USER-OPTION DATA (OCLC) |
| User-option data |
snk |
| 942 ## - ADDED ENTRY ELEMENTS (KOHA) |
| Source of classification or shelving scheme |
Dewey Decimal Classification |
| Koha item type |
Krásna literatúra pre deti |
| Suppress in OPAC |
No |
| 949 ## - LOCAL PROCESSING INFORMATION (OCLC) |
| 6 |
3869A06124 |
| a |
bpksh821.162.4-32 |
| b |
bpksh45902 |
| 949 ## - LOCAL PROCESSING INFORMATION (OCLC) |
| 6 |
17A0354452 |
| 9 |
P60, <03>, [BOOK], {603} |
| a |
snkSC 109066 |
| b |
snkKSP 10393/2002 |
| s |
6100:20201123 |
| 949 ## - LOCAL PROCESSING INFORMATION (OCLC) |
| 6 |
17A0354453 |
| 9 |
P60, <04>, [BOOK], {604} |
| a |
snkSC 109066 D1 |
| b |
snkKSP 10394/2002 |
| 949 ## - LOCAL PROCESSING INFORMATION (OCLC) |
| 6 |
273K0117306 |
| a |
svkpoB 70692 |
| b |
svkpo454399 |
| 949 ## - LOCAL PROCESSING INFORMATION (OCLC) |
| 6 |
2889367557 |
| a |
savukPV 4893 |